[Event "Titled Tuesday intern op 23rd Apr Early"]
[Site "Chess.com INT"]
[Date "2024.04.23"]
[Round "6"]
[White "Barria Zuniga, Daniel"]
[Black "Grave, Jacob Templen"]
[Result "1/2-1/2"]
[WhiteElo "2341"]
[BlackElo "2286"]
[PlyCount "58"]
[EventDate "2024.04.23"]
[EventType "swiss (blitz)"]
[EventRounds "11"]
[EventCountry "USA"]
[SourceTitle "EXT 2025"]
[Source "ChessBase"]
[SourceDate "2024.10.14"]
[SourceVersion "1"]
[SourceVersionDate "2024.10.14"]
[SourceQuality "1"]

1. d4 Nf6 2. c4 e6 3. Nf3 d5 4. Nc3 c6 5. Bg5 h6 6. Bxf6 Qxf6 7. e3 Nd7 8. Qc2 g6 9. 0-0-0 Bg7 10. e4 dxe4 11. Nxe4 Qf4+ 12. Kb1 0-0 13. c5 e5 14. Nd6 exd4 15. Bc4 Nxc5 16. Nxf7 Kh7 17. h4 Bf5 18. N3g5+ hxg5 19. hxg5+ Bh6 20. Rxh6+ Kg7 21. Bd3 Bxd3 22. Rxd3 Nxd3 23. Qxd3 Qf5 24. Qxf5 gxf5 25. Ne5 Rae8 26. Rg6+ Kh7 27. Rh6+ Kg7 28. Rg6+ Kh7 29. Rh6+ Kg7 1/2-1/2